Loading...
| Current Events | 2 | 10.00 | 100% | 0% | 0% |
| Fine Arts - Classical Music | 3 | 23.33 | 100% | 100% | 33% |
| Fine Arts - Other Fine Arts | 4 | 27.50 | 100% | 100% | 75% |
| Geography | 3 | 20.00 | 100% | 100% | 0% |
| History - American History | 3 | 20.00 | 100% | 100% | 0% |
| History - European History | 3 | 10.00 | 67% | 33% | 0% |
| History - Other History | 4 | 17.50 | 100% | 50% | 25% |
| History - World History | 4 | 17.50 | 100% | 75% | 0% |
| Literature - American Literature | 6 | 18.33 | 100% | 67% | 17% |
| Literature - British Literature | 6 | 23.33 | 100% | 83% | 50% |
| Literature - European Literature | 6 | 16.67 | 100% | 67% | 0% |
| Literature - World Literature | 6 | 16.67 | 100% | 0% | 67% |
| Mythology | 4 | 22.50 | 75% | 75% | 75% |
| Painting/Sculpture | 4 | 22.50 | 100% | 75% | 50% |
| Philosophy | 5 | 16.00 | 100% | 60% | 0% |
| Pop Culture | 3 | 10.00 | 100% | 0% | 0% |
| Religion | 5 | 20.00 | 100% | 80% | 20% |
| Science - Biology | 4 | 12.50 | 100% | 25% | 0% |
| Science - Chemistry | 5 | 10.00 | 100% | 0% | 0% |
| Science - Other Science | 6 | 13.33 | 100% | 17% | 17% |
| Science - Physics | 6 | 8.33 | 83% | 0% | 0% |
| Social Science | 4 | 10.00 | 75% | 25% | 0% |